载入...

Information technology: Production & operations management

书目详细资料
主要作者: Dudeja, V D
格式: Printed Book
出版: Common Wealth Pub: New Delhi 2003
主题:
LEADER 00640nam a2200193 4500
020 |a 8171697267  |c 750 
082 |a 658.5 DUD 
100 |a Dudeja, V D 
245 |a Information technology: Production & operations management  |c Dudeja, V D 
250
260 |a Common Wealth Pub: New Delhi  |c 2003 
300 |a 321 p 
490
500 |a Vasu Deva 
590 |a Modern Book Centre  |b WCD1361/03;28/10/03 
650 |a Production and operations management--Product management 
942 |c BK 
999 |c 137658  |d 137658 
952 |0 0  |1 0  |4 0  |6 658_500000000000000_DUD  |7 0  |9 151118  |a IMK  |b IMK  |g 750.00  |l 0  |o 658.5 DUD  |p IMK04664  |r 2019-10-25  |w 2019-10-25  |y BK